[Event "Chigorin Mem Blitz 2016"]
[Site "St Petersburg RUS"]
[Date "2016.10.14"]
[Round "5.11"]
[White "Sjugirov, Sanan"]
[Black "Pershin, Denis"]
[Result "1-0"]
[WhiteTitle "GM"]
[WhiteElo "2660"]
[BlackElo "2345"]
[WhiteFideId "4189302"]
[BlackFideId "24165506"]
[EventDate "2016.10.14"]

1. d4 Nf6 2. c4 e6 3. Nf3 b6 4. g3 Bb7 5. Bg2 Be7 6. O-O O-O 7. Nc3 d5 8. cxd5
exd5 9. Bf4 Na6 10. Rc1 c5 11. Be5 Nc7 12. Nh4 Ng4 13. Nf5 Nxe5 14. dxe5 Qd7 15.
Bh3 Kh8 16. e3 d4 17. exd4 g6 18. Nd6 Qxh3 19. Nxb7 cxd4 20. Qxd4 Ne6 21. Qe4
Ng5 22. Qg2 Qg4 23. f4 Ne6 24. Nd5 Bc5+ 25. Nxc5 Nxc5 26. Nf6 Qe6 27. b4 Nd3 28.
Rc6 Qf5 29. g4 Nxf4 30. gxf5 Nxg2 31. Kxg2 Rad8 32. fxg6 hxg6 33. Rf3 Rd2+ 34.
Kg3 Kg7 35. Rc7 Re2 36. Ng4 Re4 37. Rxa7 b5 38. a3 g5 39. Re7 Kg6 40. Rf6+ Kg7
41. h3 Rc4 42. Rf3 Re4 43. e6 Kg6 44. Rexf7 Rh8 45. R3f6+ Kh5 46. Rf8 Rh7 47.
R6f7 Rxf7 48. exf7 Kg6 1-0

[Event "Chigorin Mem Blitz 2016"]
[Site "St Petersburg RUS"]
[Date "2016.10.14"]
[Round "5.12"]
[White "Drygalov, Sergey"]
[Black "Gajewski, Grzegorz"]
[Result "0-1"]
[BlackTitle "GM"]
[WhiteElo "2409"]
[BlackElo "2621"]
[WhiteFideId "24171743"]
[BlackFideId "1116207"]
[EventDate "2016.10.14"]

1. d4 Nf6 2. Nf3 d5 3. c4 e6 4. g3 Bb4+ 5. Bd2 Be7 6. Bg2 O-O 7. O-O Nbd7 8. Qc2
c6 9. Nc3 dxc4 10. e4 b5 11. e5 Nd5 12. a4 Bb7 13. axb5 Nxc3 14. bxc3 cxb5 15.
Ng5 Bxg5 16. Bxb7 Rb8 17. Bxg5 Qxg5 18. Rxa7 Nb6 19. Be4 g6 20. Rb1 Nd5 21. Bxd5
exd5 22. Ra5 b4 23. cxb4 Rfd8 24. Qc3 Qf5 25. Re1 Rb6 26. Rc5 Qd7 27. Ra1 Rdb8
28. Rb1 Qb7 29. b5 Qd7 30. Qb4 h5 31. Qa5 h4 32. Kg2 Qg4 33. Qd2 Qe4+ 0-1

[Event "Chigorin Mem Blitz 2016"]
[Site "St Petersburg RUS"]
[Date "2016.10.14"]
[Round "7.1"]
[White "Tran, Tuan Minh"]
[Black "Ponkratov, Pavel"]
[Result "1-0"]
[WhiteTitle "IM"]
[BlackTitle "GM"]
[WhiteElo "2468"]
[BlackElo "2589"]
[WhiteFideId "12401820"]
[BlackFideId "4157800"]
[EventDate "2016.10.14"]

1. Nf3 Nf6 2. b3 a5 3. Bb2 a4 4. Bxf6 gxf6 5. Nc3 a3 6. e4 e6 7. Be2 c6 8. O-O
d5 9. exd5 cxd5 10. Nb5 Bd7 11. c3 Qb6 12. Nbd4 Nc6 13. b4 Bd6 14. Re1 Kf8 15.
Nb5 Be7 16. Qb3 Nxb4 17. Nxa3 Qa5 18. Nb5 Na6 19. d4 Rc8 20. a4 Kg7 21. Rec1 Nc7
22. Nd2 Nxb5 23. Bxb5 Bc6 24. Rc2 Bxb5 25. Qxb5 Qxb5 26. axb5 Ra8 27. Rca2 Rxa2
28. Rxa2 Rc8 29. Nb1 Bb4 30. Kf1 Rc4 31. Ra4 Bd6 32. Rxc4 dxc4 33. Nd2 Kf8 34.
Nxc4 Bc7 35. g3 Ke7 36. Ke2 Kd7 37. Kd3 Bd8 38. f4 h5 39. Nd2 f5 40. Nf3 Be7 41.
Ne5+ Ke8 42. Nc4 Kd7 43. Ne5+ Ke8 44. h4 Bd8 45. Nc4 Kd7 46. Ne5+ Ke8 47. Kc4
Bb6 48. Kb4 Ke7 49. Nc4 Bd8 50. Na5 Kd7 51. Nxb7 Be7+ 52. Nc5+ Kc7 53. Ka5 Bd8
54. Ka6 Kd6 55. b6 Kd5 56. Kb7 Kc4 57. Na4 Kb3 58. Kc8 Bxb6 59. Nxb6 Kxc3 60.
Kd7 Kxd4 61. Ke7 e5 62. fxe5 Kxe5 63. Nc4+ Ke4 64. Nd6+ Ke5 65. Kxf7 f4 66.
gxf4+ Kxf4 67. Kg6 Kg4 68. Nf5 Kf4 69. Kf6 Kg4 70. Ke5 Kf3 71. Ke6 Kg4 72. Kf6
Kf4 73. Kg6 Kg4 74. Kf6 Kf4 75. Nh6 1-0

[Event "Chigorin Mem Blitz 2016"]
[Site "St Petersburg RUS"]
[Date "2016.10.14"]
[Round "7.2"]
[White "Volkov, Sergey"]
[Black "Gajewski, Grzegorz"]
[Result "1-0"]
[WhiteTitle "GM"]
[BlackTitle "GM"]
[WhiteElo "2609"]
[BlackElo "2621"]
[WhiteFideId "4122763"]
[BlackFideId "1116207"]
[EventDate "2016.10.14"]

1. d4 Nf6 2. c4 e6 3. Nc3 Bb4 4. f3 c5 5. d5 O-O 6. e4 d6 7. Ne2 b5 8. Nf4 exd5
9. Nxd5 Nxd5 10. Qxd5 Qb6 11. Bf4 Be6 12. Qxd6 Nc6 13. cxb5 Rfd8 14. Qxc6 Qa5
15. Be2 Bxc3+ 16. bxc3 Rac8 17. Qa6 Qxc3+ 18. Kf2 c4 19. Qxa7 Qf6 20. Qe3 c3 21.
Bg5 1-0

[Event "Chigorin Mem Blitz 2016"]
[Site "St Petersburg RUS"]
[Date "2016.10.14"]
[Round "7.3"]
[White "Sjugirov, Sanan"]
[Black "Ehlvest, Jaan"]
[Result "1-0"]
[WhiteTitle "GM"]
[BlackTitle "GM"]
[WhiteElo "2660"]
[BlackElo "2532"]
[WhiteFideId "4189302"]
[BlackFideId "4500016"]
[EventDate "2016.10.14"]

1. d4 d6 2. Nf3 Nf6 3. c4 Nbd7 4. g3 e5 5. Bg2 c6 6. Nc3 Be7 7. O-O e4 8. Nh4
Nb6 9. Nxe4 Nxe4 10. Bxe4 Bxh4 11. gxh4 Qxh4 12. Qd3 Nxc4 13. b3 d5 14. Bg2 Nd6
15. Ba3 Bf5 16. Qe3+ Ne4 17. f3 Qg5 18. Qxg5 Nxg5 19. e4 Bh3 20. exd5 Bxg2 21.
Rfe1+ Ne6 22. dxe6 Bh3 23. exf7+ Kxf7 24. Re7+ Kf6 25. Rae1 a5 26. Bb2 Kg6 27.
Kf2 Bf5 28. Rg1+ Kh5 29. Rexg7 Bg6 30. Rxb7 a4 31. b4 Rhf8 32. Re7 a3 33. Bc1
Rf5 34. Re5 Rxe5 35. dxe5 h6 36. e6 Re8 37. Re1 Re7 38. Re5+ Kh4 39. Bxa3 Bb1
40. b5 Ra7 1-0

[Event "Chigorin Mem Blitz 2016"]
[Site "St Petersburg RUS"]
[Date "2016.10.14"]
[Round "7.4"]
[White "Jumabayev, Rinat"]
[Black "Moiseenko, Vadim"]
[Result "0-1"]
[WhiteTitle "GM"]
[BlackTitle "IM"]
[WhiteElo "2609"]
[BlackElo "2528"]
[WhiteFideId "13702661"]
[BlackFideId "4123700"]
[EventDate "2016.10.14"]

1. d4 Nf6 2. c4 b6 3. Nf3 Bb7 4. g3 e6 5. Bg2 d5 6. cxd5 exd5 7. O-O Bd6 8. Nc3
O-O 9. Bg5 Nbd7 10. Nb5 Be7 11. Bf4 c5 12. Rc1 Bc6 13. Nc3 Rc8 14. Ne5 Ba8 15.
dxc5 Nxc5 16. Nb5 a6 17. Nd4 a5 18. Nf5 Re8 19. Nf3 Bf8 20. N3d4 Nfe4 21. Rc2
Qf6 22. h4 h6 23. Bh3 Rcd8 24. Qc1 Nd6 25. Rd1 Nxf5 26. Nxf5 d4 27. g4 g6 28.
Nxh6+ Bxh6 29. Bxh6 Qxh4 30. Bg2 Bxg2 31. Kxg2 Qxg4+ 32. Kf1 Qh3+ 33. Kg1 Re4
34. f3 Qg3+ 35. Kf1 Rh4 0-1

[Event "Chigorin Mem Blitz 2016"]
[Site "St Petersburg RUS"]
[Date "2016.10.14"]
[Round "7.5"]
[White "Golubov, Saveliy"]
[Black "Pridorozhni, Aleksei"]
[Result "0-1"]
[WhiteTitle "IM"]
[BlackTitle "GM"]
[WhiteElo "2481"]
[BlackElo "2579"]
[WhiteFideId "24176729"]
[BlackFideId "4127870"]
[EventDate "2016.10.14"]

1. Nf3 d5 2. g3 c6 3. Bg2 Bg4 4. O-O Nd7 5. h3 Bh5 6. d3 Ngf6 7. Nbd2 e5 8. e4
dxe4 9. dxe4 Bc5 10. c3 O-O 11. Qc2 a5 12. a4 Bxf3 13. Nxf3 Qc7 14. Bd2 Rfe8 15.
b4 Bf8 16. Rab1 c5 17. bxa5 Rxa5 18. c4 Ra7 19. a5 Nb8 20. Bc3 Nc6 21. Ra1 Nd4
22. Nxd4 cxd4 23. Bd2 Nd7 24. Rfb1 Rea8 25. Rb5 b6 26. Qa2 Nc5 27. Bb4 bxa5 28.
Ba3 a4 29. Rab1 Nb3 30. Bf1 g6 31. c5 Ra5 32. Rxa5 Rxa5 33. c6 Bxa3 34. Qxa3 Kg7
35. Bb5 Rxb5 36. Qxa4 Qxc6 37. Rxb3 Qc1+ 38. Kg2 Rxb3 39. Qxb3 Qc5 40. h4 h5 41.
Kf3 Qc6 42. Qa3 Qc2 43. Qd6 Qd3+ 44. Kg2 Qxe4+ 45. Kh2 d3 46. f4 Qd4 0-1

[Event "Chigorin Mem Blitz 2016"]
[Site "St Petersburg RUS"]
[Date "2016.10.14"]
[Round "7.6"]
[White "Fier, Alexandr"]
[Black "Kovalev, Vladislav"]
[Result "0-1"]
[WhiteTitle "GM"]
[BlackTitle "GM"]
[WhiteElo "2614"]
[BlackElo "2609"]
[WhiteFideId "2107139"]
[BlackFideId "13504398"]
[EventDate "2016.10.14"]

1. d4 Nf6 2. Bg5 c5 3. Nc3 cxd4 4. Qxd4 Nc6 5. Qh4 e6 6. e4 Be7 7. f4 d6 8.
O-O-O Qa5 9. Nf3 h6 10. e5 dxe5 11. fxe5 Nxe5 12. Nxe5 Qxe5 13. Bf4 Qa5 14. Bb5+
Bd7 15. Rxd7 Nxd7 16. Qg3 O-O-O 17. Qxg7 a6 18. Bxd7+ Kxd7 19. Qxf7 Qf5 20. Qxf5
exf5 21. Nd5 Bg5 22. h4 Bxf4+ 23. Nxf4 Rhg8 24. Kd2 Kc6+ 25. Ke3 Rge8+ 26. Kf3
Rd2 27. Nd3 a5 28. Kf4 Rxg2 29. Kxf5 Rxc2 30. Ne5+ Kb6 31. Nf7 Rxb2 32. Nxh6
Rxa2 33. Ng4 a4 34. h5 a3 35. h6 Rb2 36. Nf6 Rf8 37. Ke5 Re2+ 0-1

[Event "Chigorin Mem Blitz 2016"]
[Site "St Petersburg RUS"]
[Date "2016.10.14"]
[Round "7.7"]
[White "Levin, Evgeny A."]
[Black "Paravyan, David"]
[Result "0-1"]
[WhiteTitle "GM"]
[BlackTitle "IM"]
[WhiteElo "2505"]
[BlackElo "2528"]
[WhiteFideId "4182596"]
[BlackFideId "4194985"]
[EventDate "2016.10.14"]

1. d4 d5 2. c4 e6 3. Nc3 Nf6 4. cxd5 Nxd5 5. Nf3 c5 6. e4 Nxc3 7. bxc3 cxd4 8.
cxd4 Bb4+ 9. Bd2 Bxd2+ 10. Qxd2 O-O 11. Bc4 Nd7 12. O-O Nf6 13. Rfe1 b6 14. a4
Bb7 15. Bd3 Rb8 16. h3 Qd7 17. Qf4 Rfd8 18. Rec1 Rbc8 19. a5 b5 20. a6 Bc6 21.
Rab1 Qe8 22. Ne5 h6 23. Rxc6 Rxc6 24. Bxb5 Rb6 25. Bxe8 Rxb1+ 26. Kh2 Rxe8 27.
Nc6 Rb6 28. Nxa7 Rxa6 29. Nb5 Ra2 30. Nd6 Rf8 31. g4 Kh7 32. Kg2 Ra4 33. Qe3 Kg8
34. Nb7 Rb8 35. Nc5 Ra2 36. Qg3 Rbb2 37. Qf3 Rc2 38. Qe3 Rab2 39. Qf3 Rd2 40.
Qe3 Rbc2 41. Kg3 g5 42. Qa3 Rxf2 43. Qe3 0-1

[Event "Chigorin Mem Blitz 2016"]
[Site "St Petersburg RUS"]
[Date "2016.10.14"]
[Round "7.8"]
[White "Timofeev, Artyom"]
[Black "Sunilduth Lyna, Narayanan"]
[Result "1/2-1/2"]
[WhiteTitle "GM"]
[BlackTitle "GM"]
[WhiteElo "2601"]
[BlackElo "2536"]
[WhiteFideId "4140419"]
[BlackFideId "5058422"]
[EventDate "2016.10.14"]

1. e4 c6 2. d4 d5 3. f3 Qb6 4. Nc3 e6 5. a3 Nf6 6. Be3 Be7 7. e5 Nfd7 8. f4 c5
9. Nf3 Nc6 10. dxc5 Bxc5 11. Na4 Qa5+ 12. b4 Qxa4 13. bxc5 O-O 14. c4 Qa5+ 15.
Qd2 Qxd2+ 16. Kxd2 Rd8 17. cxd5 Nxc5 18. d6 Nb3+ 19. Kc3 Nxa1 20. Bd3 Bd7 21.
Rxa1 Rac8 22. Kb2 f6 23. Re1 Be8 24. Bc4 Nxe5 25. Nxe5 Rxd6 26. f5 fxe5 27.
Bxe6+ Rxe6 28. fxe6 Rc6 29. Bxa7 Rxe6 30. Bb8 e4 31. Bf4 Bc6 32. Kc3 Re8 33. Re2
h6 34. Be3 Ra8 35. Kb2 Ra5 36. Rd2 Rb5+ 37. Kc3 Ra5 38. Kb2 Rf5 39. Rf2 Rh5 40.
h3 Rd5 41. Rd2 Rb5+ 42. Kc3 Ra5 43. Kb2 Kh7 44. Rf2 Rd5 45. Rd2 Rb5+ 46. Kc3 Ra5
47. Kb2 g5 48. Rd6 Rb5+ 49. Kc3 Ra5 50. Kb2 Rb5+ 51. Kc3 Ra5 52. Kb2 h5 53. g4
hxg4 54. hxg4 Rb5+ 55. Kc3 Ra5 56. Kb2 Rb5+ 57. Kc3 Ra5 58. Kb2 Kg7 59. Bd4+ Kf7
60. Be3 Rb5+ 61. Kc3 Ra5 62. Kb2 Rb5+ 63. Kc3 Bd5 64. Bxg5 Be6 65. Be3 Rb3+ 66.
Kd2 Rxa3 67. g5 Ra2+ 68. Kc3 Ra3+ 69. Kd2 Ra6 70. Rxa6 bxa6 71. Kc3 Kg6 72. Kb2
Kf5 73. Ka1 1/2-1/2

[Event "Chigorin Mem Blitz 2016"]
[Site "St Petersburg RUS"]
[Date "2016.10.14"]
[Round "7.9"]
[White "Yanchenko, Roman"]
[Black "Moskalenko, Alexander"]
[Result "0-1"]
[WhiteTitle "FM"]
[BlackTitle "IM"]
[WhiteElo "2419"]
[BlackElo "2490"]
[WhiteFideId "4137329"]
[BlackFideId "4155351"]
[EventDate "2016.10.14"]

1. d4 d5 2. c4 e6 3. Nf3 Nf6 4. g3 dxc4 5. Qa4+ Nbd7 6. Bg2 a6 7. Qxc4 b5 8. Qc2
Bb7 9. O-O c5 10. dxc5 Bxc5 11. Bg5 Rc8 12. Qb3 h6 13. Bxf6 Nxf6 14. Nc3 O-O 15.
Rad1 Qb6 16. e3 Rfd8 17. Ne5 Bxg2 18. Kxg2 Qb7+ 19. Nf3 Nd7 20. Qc2 f5 21. Qe2
Ne5 22. a3 Rxd1 23. Rxd1 Nxf3 24. Qxf3 Qxf3+ 25. Kxf3 Bxa3 26. Nxb5 Bxb2 27. Nd6
Rd8 28. Rb1 Rxd6 29. Rxb2 a5 30. Rb8+ Kf7 31. Ra8 Rd5 32. h4 Rb5 33. h5 f4 34.
gxf4 Rxh5 35. Ra7+ Kf6 36. e4 Rb5 37. e5+ Kg6 38. Re7 Rb6 39. Ra7 Rb3+ 40. Ke4
Rb4+ 41. Kf3 a4 42. Re7 Rb6 43. Ra7 Rb3+ 44. Kg4 a3 45. Ra6 h5+ 46. Kh4 Kf5 47.
Ra4 Rf3 48. Ra5 g6 49. Ra8 Rxf4+ 50. Kg3 Rg4+ 51. Kf3 Rh4 52. Kg3 Rg4+ 53. Kf3
Kxe5 54. Rxa3 Kf5 55. Ra8 e5 56. Rf8+ Kg5 57. Re8 e4+ 58. Ke3 Kh4 59. Rg8 Kh3
60. Ra8 h4 61. Rh8 Kg2 62. Rh7 h3 0-1

[Event "Chigorin Mem Blitz 2016"]
[Site "St Petersburg RUS"]
[Date "2016.10.14"]
[Round "7.10"]
[White "Idani, Pouya"]
[Black "Chigaev, Maksim"]
[Result "1/2-1/2"]
[WhiteTitle "GM"]
[BlackTitle "IM"]
[WhiteElo "2551"]
[BlackElo "2551"]
[WhiteFideId "12510130"]
[BlackFideId "4108116"]
[EventDate "2016.10.14"]

1. Nf3 g6 2. e4 Bg7 3. d4 d6 4. c4 Nf6 5. Nc3 O-O 6. Be2 Nbd7 7. O-O e5 8. Be3
c6 9. dxe5 dxe5 10. h3 Qe7 11. Qc2 Nh5 12. Rfd1 Nf4 13. Bf1 Ne6 14. a3 a5 15.
Qd2 Ndc5 16. Qd6 Qxd6 17. Rxd6 Nb3 18. Rad1 Re8 19. Na4 Nbd4 20. Nb6 Rb8 21.
Nxc8 Rexc8 22. Bxd4 exd4 23. e5 Rd8 24. b4 axb4 25. axb4 Rxd6 26. exd6 c5 27.
bxc5 Rc8 28. Be2 Rd8 29. g3 Nxc5 30. Nxd4 Rxd6 31. Nb5 Rxd1+ 32. Bxd1 h5 33. Bf3
Be5 34. Kg2 Kf8 35. Bd5 Ke7 36. f4 Bf6 1/2-1/2

[Event "Chigorin Mem Blitz 2016"]
[Site "St Petersburg RUS"]
[Date "2016.10.14"]
[Round "7.11"]
[White "Khanin, Semen"]
[Black "Tsydypov, Zhamsaran"]
[Result "1-0"]
[WhiteTitle "IM"]
[BlackTitle "IM"]
[WhiteElo "2397"]
[BlackElo "2451"]
[WhiteFideId "4111990"]
[BlackFideId "4108566"]
[EventDate "2016.10.14"]

1. e4 c5 2. Nf3 Nc6 3. d4 cxd4 4. Nxd4 e5 5. Nb5 d6 6. N1c3 a6 7. Na3 Be7 8. Nd5
Nf6 9. Nxf6+ Bxf6 10. Nc4 Be7 11. g3 h5 12. h4 Bg4 13. Be2 Bxe2 14. Qxe2 d5 15.
Nd2 Nd4 16. Qd3 dxe4 17. Nxe4 f5 18. Nc3 e4 19. Qd1 Nf3+ 20. Kf1 Qc7 21. Be3 Rd8
22. Qe2 Bf6 23. Kg2 O-O 24. Rad1 Bxc3 25. bxc3 Qxc3 26. Rxd8 Rxd8 27. Rb1 b5 28.
Bf4 Nd4 29. Qxh5 Qf3+ 30. Qxf3 exf3+ 31. Kf1 Nxc2 32. Rc1 Rd3 33. Kg1 Nd4 34.
Kh2 Ra3 35. Rc8+ Kh7 36. Be5 Ne6 37. Rc6 Rxa2 38. Rxe6 Rxf2+ 39. Kg1 Re2 40. Re7
Kg8 41. Bd6 Rxe7 42. Bxe7 Kf7 43. Bb4 Ke6 44. Kf2 Kd5 45. Kxf3 Kc4 46. Bf8 g6
47. Kf4 b4 48. Kg5 a5 49. Kxg6 a4 50. h5 a3 51. h6 Kb3 52. h7 1-0

[Event "Chigorin Mem Blitz 2016"]
[Site "St Petersburg RUS"]
[Date "2016.10.14"]
[Round "7.12"]
[White "Lintchevski, Daniil"]
[Black "Bao, Qilin"]
[Result "1-0"]
[WhiteTitle "GM"]
[WhiteElo "2522"]
[BlackElo "2301"]
[WhiteFideId "4171055"]
[BlackFideId "8605750"]
[EventDate "2016.10.14"]

1. e4 e5 2. Nf3 Nf6 3. Nc3 Bb4 4. Nxe5 O-O 5. Nd3 Bxc3 6. dxc3 Nxe4 7. Be2 Re8
8. O-O b6 9. f3 Nf6 10. Rf2 Bb7 11. Bf1 d6 12. c4 Nbd7 13. b3 Nf8 14. Bb2 Ng6
15. Qd2 Qd7 16. Re1 Rxe1 17. Qxe1 Re8 18. Re2 Rxe2 19. Qxe2 Qe6 20. Qd2 Qf5 21.
Qe3 Kf8 22. Bc3 Nd7 23. Qd2 Nde5 24. Nxe5 Nxe5 25. Be2 Ng6 26. Bd3 Qe6 27. Bd4
Kg8 28. Qe3 Ne5 29. Be2 Nc6 30. Qxe6 fxe6 31. Bc3 e5 32. Kf2 Kf7 33. g3 Ke6 34.
f4 Nd4 35. Bd3 g6 36. Bxd4 exd4 37. g4 Kf6 38. Kg3 h6 39. h4 d5 40. g5+ hxg5 41.
fxg5+ Kf7 42. Kf4 dxc4 43. Bxc4+ Ke7 44. Bd3 Kf7 45. b4 Bc8 46. Ke5 c5 47. bxc5
bxc5 48. Kd5 Be6+ 49. Kxc5 Bxa2 50. Kxd4 a5 51. c4 a4 52. Kc3 Bb3 53. Kb4 Kg7
54. c5 1-0

[Event "Chigorin Mem Blitz 2016"]
[Site "St Petersburg RUS"]
[Date "2016.10.14"]
[Round "8.1"]
[White "Volkov, Sergey"]
[Black "Tran, Tuan Minh"]
[Result "1/2-1/2"]
[WhiteTitle "GM"]
[BlackTitle "IM"]
[WhiteElo "2609"]
[BlackElo "2468"]
[WhiteFideId "4122763"]
[BlackFideId "12401820"]
[EventDate "2016.10.14"]

1. d4 Nf6 2. c4 e6 3. Nc3 Bb4 4. f3 Nc6 5. e4 e5 6. a3 Bxc3+ 7. bxc3 d6 8. Be3
O-O 9. Bd3 b6 10. Qe2 Ba6 11. Nh3 Re8 12. O-O Qd7 13. a4 h6 14. Nf2 Na5 15. Nd1
Qe6 16. Nb2 Rac8 17. Kh1 Nh5 18. g3 Qh3 19. Qg2 Qxg2+ 20. Kxg2 Nf6 21. g4 Re7
22. h4 Kh8 23. Kg3 Rd8 24. h5 Rde8 25. Rad1 Bb7 26. Rf2 Nd7 27. Bf1 Kg8 28. Rfd2
Nf6 29. Rc2 Ba6 30. Bd3 Nd7 31. Rh2 Nf8 32. Bf1 Ne6 33. Rc2 f6 34. Rh2 Kf8 35.
Bd3 Bb7 36. Bf1 Kg8 37. Bd3 Kh8 38. Bf1 Rf8 39. Rc2 Bc8 40. Rcd2 Ba6 41. Rc2 Ng5
42. Rh2 Bb7 43. Rc2 Ref7 44. Rh2 Nc6 45. Rc2 Na5 46. Rh2 Kh7 47. Rc2 Bc6 48. Rh2
Kh8 49. Rc2 Bb7 50. Bd3 Ne6 51. Rh2 Ba6 52. Rc2 Re7 53. Rh2 Rd8 54. Rc2 Red7 55.
Bf1 Kg8 56. Rh2 Kf8 57. Rc2 Ke7 58. Rh2 Bb7 59. Rc2 Ba6 60. Rh2 c5 61. d5 Ng5
62. Ra1 Rf8 63. Re1 Rdd8 64. Ra1 Rf7 65. Re1 Rg8 66. Ra1 Kd7 67. Bd3 Kc7 68.
Rah1 Bc8 69. Ra1 Bd7 70. Rah1 Rb8 71. Ra1 Re7 72. Ra3 Ree8 73. Ra1 Rg8 74. Rah1
a6 75. Ra1 Rb7 76. Rc2 Re8 77. Rh2 Reb8 78. Rc2 Rg8 79. Rh2 Nf7 80. Rc2 Rbb8 81.
Rh2 Nb3 82. Ra3 Na5 83. Ra1 Ra8 84. Ra3 Rgb8 85. Rc2 Ra7 86. Rh2 Rba8 87. Rc2
Nb7 88. Rc1 Ng5 89. Rca1 Na5 90. R1a2 Be8 91. Ra1 Bd7 92. R1a2 Rg8 93. Ra1 Raa8
94. Rh1 Rab8 95. Ra2 Rb7 96. Ra3 Ra7 97. Ra2 Rga8 98. Ra3 Nb7 99. Rha1 Be8 100.
Rh1 Bd7 101. Rha1 Na5 102. Rh1 Rb7 103. Rha1 Rba7 104. Rh1 Rb7 105. Rha1 Rba7
106. Rh1 Rb7 1/2-1/2

[Event "Chigorin Mem Blitz 2016"]
[Site "St Petersburg RUS"]
[Date "2016.10.14"]
[Round "8.2"]
[White "Paravyan, David"]
[Black "Sjugirov, Sanan"]
[Result "1-0"]
[WhiteTitle "IM"]
[BlackTitle "GM"]
[WhiteElo "2528"]
[BlackElo "2660"]
[WhiteFideId "4194985"]
[BlackFideId "4189302"]
[EventDate "2016.10.14"]

1. d4 Nf6 2. Nf3 e6 3. Nbd2 d5 4. e3 c5 5. c3 Nc6 6. Bd3 Be7 7. O-O a5 8. e4
dxe4 9. Nxe4 cxd4 10. cxd4 O-O 11. Nc3 Nb4 12. Bb1 b6 13. Re1 Bb7 14. Ne5 Rc8
15. a3 Nbd5 16. Nxd5 Nxd5 17. Be4 Bf6 18. Qh5 g6 19. Qf3 Bg7 20. Bd2 Qe7 21.
Rac1 Rxc1 22. Rxc1 f6 23. Nc4 Rc8 24. Qe2 Qd7 25. h4 f5 26. Bf3 Bxd4 27. b3 a4
28. bxa4 Ba6 29. Qd3 Bc5 30. Qb3 Nf6 31. Bg5 Ne4 32. Bxe4 fxe4 33. Ne3 Bd3 34.
Ng4 Qd6 35. Qb2 Rc7 36. Nh6+ 1-0

[Event "Chigorin Mem Blitz 2016"]
[Site "St Petersburg RUS"]
[Date "2016.10.14"]
[Round "8.3"]
[White "Pridorozhni, Aleksei"]
[Black "Moskalenko, Alexander"]
[Result "0-1"]
[WhiteTitle "GM"]
[BlackTitle "IM"]
[WhiteElo "2579"]
[BlackElo "2490"]
[WhiteFideId "4127870"]
[BlackFideId "4155351"]
[EventDate "2016.10.14"]

1. e4 c6 2. Nc3 d5 3. Qe2 e6 4. d3 Bb4 5. a3 Ba5 6. f4 Ne7 7. Nf3 d4 8. b4 Bb6
9. Nd1 a5 10. Bb2 axb4 11. axb4 Rxa1 12. Bxa1 Na6 13. Qd2 c5 14. bxc5 Ba5 15. c3
Nxc5 16. Nxd4 Qxd4 17. cxd4 Bxd2+ 18. Kxd2 Nb3+ 19. Kc3 Nxa1 20. Ne3 Nc6 21. Be2
Nb3 22. Kxb3 Nxd4+ 23. Kc4 Nxe2 24. g3 O-O 25. d4 Rd8 26. d5 exd5+ 27. Nxd5 Be6
28. Kd3 Bxd5 29. exd5 Nxf4+ 30. gxf4 Rxd5+ 31. Ke4 Rb5 32. Rc1 g6 33. Rc7 Kg7
34. h4 Rb4+ 35. Ke5 b6 36. Rb7 Rb5+ 37. Ke4 Kf6 38. Kf3 Rb3+ 39. Ke4 Ke6 40. Rc7
Rb4+ 41. Kf3 Kf6 42. Rd7 Rb3+ 43. Ke4 Rh3 44. Rd6+ Kg7 45. Rxb6 Rxh4 46. Kf3
Rh3+ 47. Kg2 Rc3 48. Rb7 h5 49. Ra7 Kf6 50. Rb7 Ke6 51. Ra7 h4 52. Ra5 h3+ 53.
Kf2 Rc2+ 54. Kg3 h2 55. Ra1 Kf5 56. Rh1 Rd2 57. Ra1 Rd3+ 58. Kxh2 Kxf4 59. Kg2
f5 60. Ra4+ Ke5 61. Ra5+ Rd5 62. Ra8 g5 63. Kf3 Rd3+ 64. Ke2 Rc3 65. Kf2 g4 66.
Ra5+ Kf4 67. Ra4+ Kg5 68. Ra5 Rf3+ 69. Kg2 Re3 70. Kf2 Re4 71. Kg3 Rc4 72. Rb5
Rc3+ 73. Kf2 Rd3 74. Ra5 Kf4 75. Ra4+ Ke5 76. Ra5+ Ke4 77. Ra4+ Rd4 78. Ra8 Kf4
79. Ra2 g3+ 80. Kg2 Kg4 81. Ra7 Rd2+ 82. Kf1 f4 83. Rb7 Rc2 84. Ra7 Rc1+ 85. Ke2
f3+ 0-1

[Event "Chigorin Mem Blitz 2016"]
[Site "St Petersburg RUS"]
[Date "2016.10.14"]
[Round "8.4"]
[White "Kovalev, Vladislav"]
[Black "Khanin, Semen"]
[Result "1-0"]
[WhiteTitle "GM"]
[BlackTitle "IM"]
[WhiteElo "2609"]
[BlackElo "2397"]
[WhiteFideId "13504398"]
[BlackFideId "4111990"]
[EventDate "2016.10.14"]

1. d4 Nf6 2. Bf4 g6 3. Nc3 Bg7 4. e4 d6 5. Qd2 Nbd7 6. O-O-O c5 7. dxc5 dxc5 8.
Bh6 O-O 9. Bxg7 Kxg7 10. e5 Ng4 11. f4 a6 12. h3 Nh6 13. g4 Qa5 14. Bg2 Nb6 15.
a3 f5 16. g5 Nf7 17. Nd5 Qxd2+ 18. Rxd2 Nxd5 19. Bxd5 Rd8 20. Ne2 Rb8 21. Rhd1
Rf8 22. Nc3 b5 23. Bf3 Be6 24. Nd5 Rb7 25. h4 Rd7 26. Nb6 Rc7 27. h5 gxh5 28.
Bxh5 Nh8 29. Nd5 Rb7 30. b4 Rc8 31. Kb2 Ng6 32. Bxg6 hxg6 33. Ne3 Rbc7 34. Rd8
cxb4 35. axb4 Rc3 36. Rxc8 Rxc8 37. Ra1 Rc6 38. c3 Bc8 39. Nc2 Bb7 40. Nd4 Rc8
41. Ne6+ Kf7 42. Nc5 Bd5 43. Rxa6 Rh8 44. e6+ Kg7 45. Ra7 Rh2+ 46. Kc1 Kf8 47.
Rd7 Rh1+ 48. Kd2 Rh2+ 49. Ke3 Bc4 50. Rd8+ Kg7 51. Re8 Rh3+ 52. Kd4 Rf3 53.
Rxe7+ Kf8 54. Rf7+ Ke8 55. Ke5 Rxc3 56. Kf6 Rf3 57. Rh7 1-0

[Event "Chigorin Mem Blitz 2016"]
[Site "St Petersburg RUS"]
[Date "2016.10.14"]
[Round "8.5"]
[White "Moiseenko, Vadim"]
[Black "Rakhmanov, Aleksandr"]
[Result "1/2-1/2"]
[WhiteTitle "IM"]
[BlackTitle "GM"]
[WhiteElo "2528"]
[BlackElo "2662"]
[WhiteFideId "4123700"]
[BlackFideId "4173708"]
[EventDate "2016.10.14"]

1. e4 d5 2. exd5 Qxd5 3. Nc3 Qd6 4. d4 Nf6 5. Nf3 g6 6. Bc4 Bg7 7. O-O O-O 8. h3
a6 9. Bb3 b5 10. Ne5 b4 11. Na4 Nbd7 12. Bf4 Nh5 13. Bh2 Nxe5 14. Re1 Qxd4 15.
Qxd4 Nf3+ 16. gxf3 Bxd4 17. Rxe7 Bxh3 18. Rxc7 Rad8 19. Re1 Ng7 20. c3 bxc3 21.
bxc3 Bf6 22. Rc6 Ne6 23. Rxa6 Rfe8 24. Bg3 h5 25. Bxe6 Bxe6 26. Nc5 Bxc3 27.
Nxe6 Bxe1 28. Nxd8 Rxd8 29. a4 Rd5 30. Bf4 Kg7 31. Ra7 Ba5 32. Kg2 g5 33. Be3
Kg6 34. Rb7 Bc3 35. Rb5 Rd1 36. Rxg5+ Kf6 37. Rxh5 Ke6 38. a5 Ra1 39. Bb6 f5 40.
Rh6+ Kd5 41. Bd8 Bxa5 42. Bxa5 Rxa5 43. f4 Ke4 44. Rh4 1/2-1/2

[Event "Chigorin Mem Blitz 2016"]
[Site "St Petersburg RUS"]
[Date "2016.10.14"]
[Round "8.6"]
[White "Ponkratov, Pavel"]
[Black "Sunilduth Lyna, Narayanan"]
[Result "1-0"]
[WhiteTitle "GM"]
[BlackTitle "GM"]
[WhiteElo "2589"]
[BlackElo "2536"]
[WhiteFideId "4157800"]
[BlackFideId "5058422"]
[EventDate "2016.10.14"]

1. c4 e5 2. Nc3 Nf6 3. Nf3 Nc6 4. a3 g6 5. g3 Bg7 6. Bg2 O-O 7. O-O d6 8. h3 Re8
9. d3 a5 10. Rb1 e4 11. Ng5 exd3 12. exd3 Bf5 13. g4 Bd7 14. Nf3 h5 15. g5 Nh7
16. Ne4 a4 17. Bd2 Bf5 18. Re1 Bxe4 19. dxe4 Nf8 20. h4 Ne6 21. Bh3 Nc5 22. Qc2
Nb3 23. Bc3 Bxc3 24. Qxc3 Ne5 25. Rbd1 Qe7 26. Nxe5 Qxe5 27. Qxe5 Rxe5 28. Rd5
Rae8 29. f3 Nc5 30. Red1 Rxd5 31. cxd5 Ra8 32. Bf1 Kg7 33. Kf2 f6 34. Ke3 Re8
35. Kf4 Rf8 36. gxf6+ Rxf6+ 37. Ke3 Rf8 38. f4 Kf6 39. Bd3 Ra8 40. Bc2 Ra6 41.
Kd4 Nd7 42. e5+ dxe5+ 43. fxe5+ Ke7 44. Rg1 Nf8 45. Rf1 Rb6 46. e6 Rxb2 47. Rf7+
Ke8 48. Bxa4+ b5 49. Kc3 Rb1 50. Bc2 Rc1 51. Rxc7 Rh1 52. Kd4 Rxh4+ 53. Ke5 Rh3
54. Kd6 1-0